Centro deportivo-cultural para la ciudad de Liberia Guanacaste
Na minha lista:
| Autor principal: | |
|---|---|
| Outros Autores: | |
| Formato: | Desconhecido |
| Idioma: | Spanish |
| Publicado em: |
[San José, Costa Rica]
2015
|
| Assuntos: | |
| Tags: |
Adicionar Tag
Sem tags, seja o primeiro a adicionar uma tag!
|
MARC
| LEADER | 00000 a2200000 4500 | ||
|---|---|---|---|
| 003 | EA0113 | ||
| 005 | 20230223080533.0 | ||
| 008 | 140114s2015 cr a 000 ||spa d | ||
| 040 | |c cru CEDI | ||
| 090 | |a TFG EA-113 | ||
| 100 | |a Lacayo Gómez, Juan Carlos |9 20181 | ||
| 245 | |a Centro deportivo-cultural para la ciudad de Liberia Guanacaste | ||
| 260 | |a [San José, Costa Rica] |c 2015 | ||
| 500 | |a Proyecto de graduación (licenciatura en arquitectura)--Universidad de Costa Rica. Facultad de Ingeniería. Escuela de Arquitectura | ||
| 501 | |a Director de Proyecto de Graduación: Arq. José Aquiles Villarreal Montoya | ||
| 650 | |9 20182 |x ARQUITECTURA - DISEÑOS Y PLANOS | ||
| 700 | |9 84 |a Villarreal Montoya, José Aquiles, 1959- |d Director del TFG | ||
| 942 | |c CEDI | ||
| 999 | |c 12749 |d 12749 | ||
